Practical newspaper reporting (Record no. 2571)

000 -LEADER
fixed length control field 00556nam a22001457a 4500
020 ## - INTERNATIONAL STANDARD BOOK NUMBER
International Standard Book Number 9788132110392
082 ## - DEWEY DECIMAL CLASSIFICATION NUMBER
Classification number 070.43
100 ## - MAIN ENTRY--PERSONAL NAME
Personal name David Spark
245 ## - TITLE STATEMENT
Title Practical newspaper reporting
260 ## - PUBLICATION, DISTRIBUTION, ETC.
Place of publication, distribution, etc. Los Angeles
Name of publisher, distributor, etc. Sage publications
Date of publication, distribution, etc. 2011
300 ## - PHYSICAL DESCRIPTION
Extent 210
942 ## - ADDED ENTRY ELEMENTS (KOHA)
Koha item type Book
Holdings
Withdrawn status Lost status Source of classification or shelving scheme Damaged status Not for loan Permanent Location Current Location Shelving location Date acquired Total Checkouts Full call number Barcode Date last seen Price effective from Koha item type
          Central Library (CL) Central Library (CL) First Floor - Journalism 02/25/2016   302.2322 SPA S3H-S-706 02/25/2016 02/25/2016 Book
          Central Library (CL) Central Library (CL) First Floor - Journalism 03/17/2016   302.2322 SPA S3H-S-452 03/17/2016 03/17/2016 Book
© 2023 Central Library, National University of Sciences and Technology. All Rights Reserved.